| 000 | 00589pam a2200217 a 4500 | ||
|---|---|---|---|
| 020 |
_a0721601464 _c1795 |
||
| 041 |
_aeng _hNULL |
||
| 082 |
_a610.321 _bAND/BEH |
||
| 100 | _aDORLANDS, W. | ||
| 245 |
_aDORLAND`S ILLUSTRATED MEDICAL DICTIONARY / _cNULL. _hTextual Documents |
||
| 250 |
_a30 / _b. |
||
| 260 |
_aNULL : _bSAUNDERS , _c2003. |
||
| 300 |
_a2190 : _bxxvii ; _cA4 . |
||
| 365 |
_a1795 _e4 |
||
| 504 | _aGENERAL | ||
| 653 | _aKNOWLEDGE(GENERAL) | ||
| 700 |
_aANDEOLI, T . _aBEHRAMEN, R . |
||
| 907 |
_a1922 _a1923 _a1924 _a1925 |
||
| 930 | _a460 | ||
| 999 |
_c794996 _d794996 |
||